Szczegóły MARC21

Controlling w pytaniach i odpowiedziach : praktyczne narzędzia dla controllera : praca zbiorowa /

003 -Nazwa inst., której nr kontr. jest w polu 001 [,]
    • @
    • Nazwa instytucji, której n kontrolny jest w polu 001
    • NUKAT
005 -DATA I CZAS OSTATNIEJ MODYFIKACJI [,]
    • @
    • pole kontrolne
    • 20241231095307.0
020 -Międzynarod. znormalizowany nr książki - ISBN [ , ]
    • a
    • Numer ISBN
    • 9788374401807 Find
040 -Instytucja sporządzająca opis [ , ]
    • a
    • Instytucja, która sporządziła opis (NP)
    • KR 7/TS
    • c
    • Instytucja, która sporządziła rekord (NP)
    • KR 7/TS
    • d
    • Instytucja, która zmodyfikowała rekord (P)
    • KR 7/TS
    • d
    • Instytucja, która zmodyfikowała rekord (P)
    • KR 7/HTs
942 -Rodzaj dokumentu [ , ]
    • c
    • Rodzaj dokumentu
    • Książka
245 -Strefa tytułu i oznaczenia odpowiedzialności [0,0]
    • a
    • Tytuł
    • Controlling w pytaniach i odpowiedziach : Find
    • b
    • Ciąg dalszy tytułu (NP)
    • praktyczne narzędzia dla controllera : praca zbiorowa / Find
    • c
    • Pozostałe elementy strefy tytułu i oznaczenia odpowiedzialności (NP)
    • [red. Stanisław Woźniak].
260 -Strefa adresu wydawniczego [ , ]
    • a
    • Miejsce wydania (P)
    • Warszawa :
    • b
    • Nazwa wydawcy (P)
    • Grupa Wydawnicza INFOR,
    • c
    • Data wydania (P)
    • 2007.
300 -Strefa opisu fizycznego [ , ]
    • a
    • Określenie formy książki i/lub objętość (NP)
    • 205 s. :
    • b
    • Oznaczenie ilustracji (NP)
    • il. ;
    • c
    • Format (NP)
    • 24 cm.
336 -Typ zawartości [ , ]
    • a
    • Termin opisujący typ zawartości
    • Tekst
    • b
    • Kod określający zawartość
    • txt
    • 2
    • Źródło (terminu i kodu)
    • rdacontent
337 -Typ mediów [ , ]
    • a
    • Tryb odtwarzania
    • Bez urządzenia pośredniczącego
    • b
    • Kod typu mediów
    • n
    • 2
    • Źródło (terminu i kodu)
    • rdamedia
338 -Typ/rodzaj nośnika [ , ]
    • a
    • Hasło opisujące typ nośnika
    • Wolumin
    • b
    • Kod typu nośnika
    • nc
    • 2
    • Źródło (terminu i kodu)
    • rdacarrier
504 -Uwaga dot. bibliogr. załącznikowej [ , ]
    • a
    • Uwaga dot. bibliografii załącznikowej
    • Bibliogr. s. 204-205.
521 -Uwaga dot. przeznaczenia czytelniczego [8, ]
    • a
    • Uwaga dot. przeznaczenia czytelniczego
    • Poradnik dla kierowników oraz specjalistów z działów controllingu i analiz finansowych, dyrektorów finansowych i księgowych dużych przedsiębiorstw a także studentów.
080 -Uniwersalna Klasyfikacja Dziesiętna [ , ]
    • 2
    • Identyfikator wydania tablic
    • UDC-P058
    • 9
    • UKD
    • 5601
    • a
    • Symbol klasyfikacji
    • 658.1/.5
    • b
    • Dopowiedzenie
    • Organizacja przedsiębiorstwa.
    • 4
    • UKD2
    • 8056
    • x
    • Poddział wspólny
    • (076)
    • c
    • Dopowiedzenie poddz. wspólnego
    • (Materiały do ćwiczeń praktycznych. Zadania. Pytania i rozwiązania. Teksty programowane).
080 -Uniwersalna Klasyfikacja Dziesiętna [ , ]
    • 2
    • Identyfikator wydania tablic
    • UDC-P058
    • 9
    • UKD
    • 2182
    • a
    • Symbol klasyfikacji
    • 005.5
    • b
    • Dopowiedzenie
    • Zarządzanie. Działania zarządcze.
    • 4
    • UKD2
    • 8056
    • x
    • Poddział wspólny
    • (076)
    • c
    • Dopowiedzenie poddz. wspólnego
    • (Materiały do ćwiczeń praktycznych. Zadania. Pytania i rozwiązania. Teksty programowane).
080 -Uniwersalna Klasyfikacja Dziesiętna [ , ]
    • 2
    • Identyfikator wydania tablic
    • UDC-P058
    • 9
    • UKD
    • 5583
    • a
    • Symbol klasyfikacji
    • 657.05
    • b
    • Dopowiedzenie
    • Rachunkowość zarządcza, menedżerska.
    • 4
    • UKD2
    • 8056
    • x
    • Poddział wspólny
    • (076)
    • c
    • Dopowiedzenie poddz. wspólnego
    • (Materiały do ćwiczeń praktycznych. Zadania. Pytania i rozwiązania. Teksty programowane).
650 -Hasło przedmiotowe [ ,7]
    • a
    • Hasło przedmiotowe
    • Zarządzanie finansowe
    • v
    • Określnik formalny
    • poradniki.
    • 2
    • Źródło terminu
    • kaba
    • 9
    • KHW
    • 361338
650 -Hasło przedmiotowe [ ,7]
    • a
    • Hasło przedmiotowe
    • Rachunkowość zarządcza
    • v
    • Określnik formalny
    • poradniki.
    • 2
    • Źródło terminu
    • kaba
    • 9
    • KHW
    • 361373
980 -Symbol UKD [ , ]
    • a
    • UKD
    • 658.1/.5:005.5:657.05](076)
700 -Hasło dodatkowe - nazwa osobowa [1, ]
    • a
    • Nazwa osobowa (NP)
    • Woźniak, Stanisław Find
    • c
    • Dopowiedzenie inne niż daty biograficzne (NP)
    • (zarządzanie).
    • e
    • Określenie rodzaju współpracy
    • Red.
    • 9
    • KHW
    • 41761
710 -Hasło dodatkowe - nazwa ciała zbiorowego [2, ]
    • a
    • Nazwa ciała zbiorowego lub nazwa geograficzna jako pierwszy element (NP)
    • Grupa Wydawnicza INFOR.
    • 4
    • Kod relacji
    • pbl
    • 9
    • KHW
    • 89143
920 -ISBN [ , ]
    • a
    • ISBN
    • 978-83-7440-180-7 Find
Status udost. Numer inwentarzowy Data inwentaryzacji Lokalizacja
-2E.715142008-10-22BE